Database Management Theory and Application
Salvato in:
| Autore principale: | |
|---|---|
| Natura: | Libro |
| Lingua: | inglese |
| Pubblicazione: |
Homewood
Irwin
1990
|
| Edizione: | 1. ed. |
| Soggetti: | |
| Tags: |
Nessun Tag, puoi essere il primo ad aggiungerne!!
|
MARC
| LEADER | 00000nam a2200000 4500 | ||
|---|---|---|---|
| 001 | c000370 | ||
| 005 | 20221215113526.7 | ||
| 020 | |a 0-256-07829-7 | ||
| 041 | 0 | |a eng | |
| 044 | |a US | ||
| 245 | 1 | 0 | |a Database Management |b Theory and Application |c John C. Shepherd |
| 250 | |a 1. ed. | ||
| 264 | 1 | |a Homewood |b Irwin |c 1990 | |
| 300 | |a 781 s. |e príl. | ||
| 610 | 2 | 0 | |a báza dát |
| 610 | 2 | 0 | |a SRBD |
| 610 | 2 | 0 | |a manažment |
| 610 | 2 | 0 | |a štruktúra dát |
| 610 | 2 | 0 | |a modely |
| 610 | 2 | 0 | |a projektovanie |
| 610 | 2 | 0 | |a výstavba systémov informačných |
| 610 | 2 | 0 | |a SQL |
| 610 | 2 | 0 | |a COBOL |
| 610 | 2 | 0 | |a CODASYL |
| 610 | 2 | 0 | |a siete počítačové |
| 610 | 2 | 0 | |a organizácia dát |
| 610 | 2 | 0 | |a využitie počítačov |
| 100 | 1 | |a Shepherd, John C. | |